| 000 | 00877nam a2200229Ia 4500 | ||
|---|---|---|---|
| 001 | L235-8840 | ||
| 003 | IT-CnALBA | ||
| 008 | 170116s9999||||xx |||||||||||||| ||und|| | ||
| 040 |
_aIT-CnALBA _cIT-CnALBA |
||
| 041 | _aFRANCESE | ||
| 100 | _aGOYAU GEORGES | ||
| 245 | 0 | _aLE VENERABLE JEAN-CLAUDE COLIN (1790-1875) FONDATEUR DE LA SOCIETÀ DE MARIE. | |
| 250 | _a1a ed. | ||
| 260 |
_aPARIS _bLECOFFRE J. BIBLIOP., LIBRAIRIE PARIS' _c1910 [1° Ed.:1910 - Ed.Ling.Originale: 1910] |
||
| 300 | _a36 p. | ||
| 500 | _aOPUSCOLO SULLA VITA DI COLIN, FONDATORE DELLA SOCIETÀ DI MARIA. | ||
| 501 | _aSocietà San Paolo EM - Piazza San Paolo, 14 - 12051 ALBA (CN) (non commercial uses only) ® Copyright 2017 | ||
| 520 | _aOPUSCOLO SULLA VITA DI COLIN, FONDATORE DELLA SOCIETÀ DI MARIA. | ||
| 650 | _aMARIA SS. ANGELI SANTI DEMONI | ||
| 942 | _cBK | ||
| 957 | _71 | ||
| 999 |
_a9816 _bSI _g Copie: 1 _c268016 _d268016 |
||